Catalog

Record Details

Catalog Search



Available copies

  • 1 of 1 copy available at LARL/NWRL Consortium.

Current holds

0 current holds with 1 total copy.

Show All Copies
Location Call Number / Copy Notes Barcode Shelving Location Status Due Date
Hallock Public Library DVD AND (Text) 35500004336481 Main Available -

Record details

  • Physical Description: 1 videodisc (120 min.) : sd., b&w. ; 4 3/4 in.
  • Publisher: La Crosse, WI : Platinum Disc Corp., c2003.

Content descriptions

General Note:
Title from container.
4 episodes of the TV show. Includes special features.
Formatted Contents Note:
Barney's first car -- High noon in Mayberry -- ... Read More
Participant or Performer Note:
Andy Griffith, Don Knotts, Ron Howard.
Target Audience Note:
Rated for all.
System Details Note:
DVD.
Genre: DVDs.
LDR 01193cgm a2200325Ka 4500
00197320
003LARL_NWRL_CONSORTIUM
00520081022114125.0
007vd bgaiz|
008060102s2003 wiu120 vleng d
0241 . ‡a096009061791
02842. ‡a06179 ‡bPlatinum Disc Corp.
035 . ‡a(OCoLC)56626918 ‡z(OCoLC)62767415
040 . ‡aCHY ‡cCHY ‡dOCLCG ‡dNRG
24504. ‡aThe Andy Griffith show ‡h[DVD/videorecording].
2461 . ‡iAt head of title: ‡aTV classics
260 . ‡aLa Crosse, WI : ‡bPlatinum Disc Corp., ‡cc2003.
300 . ‡a1 videodisc (120 min.) : ‡bsd., b&w. ; ‡c4 3/4 in.
538 . ‡aDVD.
500 . ‡aTitle from container.
500 . ‡a4 episodes of the TV show. Includes special features.
5111 . ‡aAndy Griffith, Don Knotts, Ron Howard.
5218 . ‡aRated for all.
50500. ‡tBarney's first car -- ‡tHigh noon in Mayberry -- ‡tAndy discovers America -- ‡tAndy's English valet.
655 0. ‡aDVDs.
7001 . ‡aGriffith, Andy, ‡d1926- ‡0(LARL_NWRL_CONSORTIUM)71389
7102 . ‡aPlatinum Disc Corporation. ‡0(LARL_NWRL_CONSORTIUM)151939
901 . ‡a97320 ‡bOCLC ‡c97320 ‡tbiblio

Additional Resources